[Event "Ambes op 1st"]
[Site "Ambes"]
[Date "2007.04.15"]
[Round "11"]
[White "Edyelu, Joseph"]
[Black "Alard, Pierre"]
[Result "1/2-1/2"]
[WhiteElo "1499"]
[BlackElo "1919"]
[PlyCount "43"]
[EventDate "2007.04.07"]
[EventType "swiss"]
[EventRounds "11"]
[EventCountry "FRA"]
[SourceTitle "CBM 117 Extra"]
[Source "ChessBase"]
[SourceDate "2007.05.09"]
[SourceVersion "1"]
[SourceVersionDate "2007.05.09"]
[SourceQuality "1"]

1. Nf3 Nf6 2. b3 g6 3. Bb2 Bg7 4. g3 0-0 5. Bg2 d5 6. d3 c5 7. 0-0 Nc6 8. Ne5 Nd4 9. Kh1 Nh5 10. f4 Nf5 11. Rf2 Ne3 12. Qc1 Nxg2 13. Kxg2 d4 14. c3 Qd5+ 15. Nf3 Bg4 16. e4 dxe3 17. Qxe3 e5 18. fxe5 Rfe8 19. Qe4 Qxe4 20. dxe4 Bxf3+ 21. Kxf3 Bxe5 22. c4 1/2-1/2

[Event "Ambes op 1st"]
[Site "Ambes"]
[Date "2007.04.13"]
[Round "9"]
[White "Edyelu, Joseph"]
[Black "Gallice, Francois"]
[Result "0-1"]
[WhiteElo "1499"]
[BlackElo "1912"]
[PlyCount "96"]
[EventDate "2007.04.07"]
[EventType "swiss"]
[EventRounds "11"]
[EventCountry "FRA"]
[SourceTitle "CBM 117 Extra"]
[Source "ChessBase"]
[SourceDate "2007.05.09"]
[SourceVersion "1"]
[SourceVersionDate "2007.05.09"]
[SourceQuality "1"]

1. d4 Nf6 2. c4 g6 3. b3 Bg7 4. Bb2 0-0 5. Nf3 d6 6. Nbd2 b6 7. e4 Bb7 8. Bd3 Nbd7 9. 0-0 Nh5 10. Rb1 e5 11. Bc2 Re8 12. d5 h6 13. Ne1 Nc5 14. Nd3 Nxd3 15. Bxd3 Bc8 16. Bc1 Nf4 17. Bc2 Qg5 18. g3 Nh3+ 19. Kh1 Qf6 20. Qf3 Qe7 21. Qg2 Ng5 22. Qg1 Bh3 23. Re1 Qf6 24. Re3 Bg4 25. Bd1 Nh3 26. Qf1 Nxf2+ 27. Kg1 Nxd1 28. Qxf6 Bxf6 29. Re1 Nc3 30. Rb2 Ne2+ 31. Kf2 Nxc1 32. Rxc1 Bg5 33. Rh1 Bxd2 34. Rxd2 Bd7 35. h4 h5 36. Ke3 Rf8 37. b4 f5 38. Rf1 Rf7 39. Rdf2 Raf8 40. Rc1 f4+ 41. gxf4 Rxf4 42. Rh2 Rg4 43. c5 dxc5 44. bxc5 b5 45. c6 Bc8 46. Rb1 Rff4 47. Rb4 Bf5 48. a4 Rxe4+ 0-1

[Event "Ambes op 1st"]
[Site "Ambes"]
[Date "2007.04.08"]
[Round "2"]
[White "Curely, Etienne"]
[Black "Edyelu, Joseph"]
[Result "0-1"]
[WhiteElo "1780"]
[BlackElo "1499"]
[PlyCount "176"]
[EventDate "2007.04.07"]
[EventType "swiss"]
[EventRounds "11"]
[EventCountry "FRA"]
[SourceTitle "CBM 117 Extra"]
[Source "ChessBase"]
[SourceDate "2007.05.09"]
[SourceVersion "1"]
[SourceVersionDate "2007.05.09"]
[SourceQuality "1"]

1. e4 c5 2. Nf3 e6 3. d4 cxd4 4. Nxd4 Bc5 5. Nb3 Qc7 6. Nc3 Bb4 7. Bd2 a6 8. a3 Bxc3 9. Bxc3 e5 10. Qd2 h6 11. 0-0-0 Nf6 12. f3 0-0 13. g4 Nh7 14. h4 Re8 15. g5 h5 16. Rg1 g6 17. Qd5 Qc6 18. Bc4 Qxd5 19. Rxd5 b5 20. Be2 Nc6 21. Nc5 Nf8 22. Rdd1 Ne6 23. Nxe6 Rxe6 24. Bf1 Rb8 25. Bh3 Re7 26. Bb4 Nxb4 27. axb4 Rb7 28. Rd6 Ra7 29. Rgd1 Kf8 30. R1d3 Ke8 31. Rc3 Kd8 32. Rb6 Rc7 33. Rd3 Rc4 34. c3 Kc7 35. Rbd6 Rc6 36. R6d5 Kd8 37. Rd6 Kc7 38. Rxc6+ Kxc6 39. Rd5 Bb7 40. Rc5+ Kb6 41. c4 Bc6 42. cxb5 axb5 43. Rc3 d5 44. exd5 Bxd5 45. Kd2 Be6 46. Bxe6 Rxe6 47. Ke3 Kb7 48. Ke4 Kb6 49. Rc5 Rd6 50. Rxe5 Rd2 51. b3 Rh2 52. f4 Rb2 53. f5 Rxb3 54. fxg6 Rxb4+ 55. Kf3 fxg6 56. Re6+ Kc5 57. Rxg6 Rxh4 58. Rh6 Kc4 59. Rf6 Rh1 60. Kg2 Rh4 61. Kf3 Kc3 62. Rc6+ Kb3 63. g6 Rg4 64. Rb6 b4 65. Re6 Ka3 66. Ra6+ Kb2 67. Re6 b3 68. Re2+ Ka1 69. Re1+ Ka2 70. Re2+ b2 71. Rg2 Rxg2 72. Kxg2 b1Q 73. g7 Qg6+ 74. Kf3 Kb2 75. Ke3 Qxg7 76. Ke4 h4 77. Kd5 h3 78. Ke4 h2 79. Kd5 h1R 80. Ke4 Qg3 81. Kd5 Rh5+ 82. Ke4 Rh4+ 83. Kf5 Qh3+ 84. Ke5 Rg4 85. Kd5 Qh5+ 86. Kc6 Rg6+ 87. Kc7 Qh7+ 88. Kb8 Rg8# 0-1

[Event "Ambes op 1st"]
[Site "Ambes"]
[Date "2007.04.07"]
[Round "1"]
[White "Edyelu, Joseph"]
[Black "Tabaroni, Serge"]
[Result "0-1"]
[WhiteElo "1499"]
[BlackElo "1793"]
[PlyCount "113"]
[EventDate "2007.04.07"]
[EventType "swiss"]
[EventRounds "11"]
[EventCountry "FRA"]
[SourceTitle "CBM 117 Extra"]
[Source "ChessBase"]
[SourceDate "2007.05.09"]
[SourceVersion "1"]
[SourceVersionDate "2007.05.09"]
[SourceQuality "1"]

1. c4 Nf6 2. e3 g6 3. d4 Bg7 4. Nf3 d6 5. Be2 0-0 6. 0-0 Nbd7 7. Nc3 c5 8. d5 Ng4 9. h3 Nge5 10. Qc2 f5 11. Nxe5 Nxe5 12. f4 Nf7 13. Bd3 e6 14. e4 Nh6 15. Ne2 Re8 16. Rb1 exd5 17. exd5 Bd7 18. b3 Qe7 19. Bb2 Bxb2 20. Qxb2 Qe3+ 21. Kh1 Qxd3 22. Ng1 Qe3 23. Qf6 Qe7 24. Qb2 Qg7 25. Qd2 Re4 26. Nf3 Nf7 27. Rbe1 Rae8 28. Rxe4 Rxe4 29. Re1 Rxe1+ 30. Qxe1 Qf8 31. Qc3 b6 32. Qf6 Nd8 33. Qg5 Kg7 34. h4 Qf6 35. Qg3 Nf7 36. Qf2 Nh6 37. Qe2 Ng4 38. g3 h6 39. Kg2 Kf7 40. Kh3 Qe7 41. Qf1 Qe3 42. Qg2 Qf2 43. Nd2 Qxg2+ 44. Kxg2 Nf6 45. Kf3 Ke7 46. a4 Bc8 47. Ke3 a6 48. Kd3 Bd7 49. Ke3 b5 50. axb5 axb5 51. Kd3 bxc4+ 52. bxc4 Bc8 53. Nb3 Nh5 54. Ke3 Nxg3 55. Nd2 Ba6 56. Kf3 Ne4 57. Nxe4 0-1